| 000 | 00501nam a2200145 a 4500 | ||
|---|---|---|---|
| 008 | 080109s1961 ||||||||||||||||| || u | ||
| 050 | _aQ 360 Rez | ||
| 245 | 1 | 3 | _aAn introduction to information theory |
| 246 | _aFazlollah M. Reza | ||
| 250 | _ainternatio | ||
| 260 |
_aNew York _bMcGraw-Hill _c(1961) |
||
| 300 | _axxi, 496p. | ||
| 350 | _a0.00 | ||
| 995 |
_D0.00 _FCBU-MAIN LIBRARY (Kitwe) _H1 _I0.00 _M1 _UAVAILABLE _ZAnnex Low-Usage Collection |
||
| 999 |
_c47799 _d47799 |
||